00996cam a22002411 4500001001300000003000400013005001700017008004100034010001700075035001900092040004700111042001200158050001500170100004500185245025700230260006800487300002900555500009500584650002100679650001500700700002200715999001700737e 32000119 DLC20260227111222.0790905s1931 nyu 000 0 eng c ae 32000119  a(OCoLC)5343121 aU.S. Office of Education LibrarycOCldDLC apremarc00aLC311b.M61 aMorrison, J. Cayceq(John Cayce),d1886-10aCharacter building in New York public schools;ban analysis of practices reported by teachers and supervisory officers for the school year, 1928-1929,cby J. Cayce Morrison, assistant commissioner for elementary education, assisted by Arthur E. Layman. a[Albany,bThe University of the state of New York press,c1931] a1 p. l., 3-96 p.c23 cm. aAt head of title: The University of the state of New York. The State education department. 0aMoral education. 0aCharacter.1 aLayman, Arthur E. c21184d21184